Every 90+ In NBA 2K20 - Statistics

General Stats
  • This quiz has been taken 9 times
  • The average score is 10 of 13
Answer Stats
Rating Answer % Correct
96 Kevin Durant
100%
97 LeBron James
100%
95 Stephen Curry
100%
96 Giannis Antetokounmpo
88%
94 Anthony Davis
75%
96 James Harden
75%
91 Joel Embiid
75%
97 Kawhi Leonard
75%
90 Nikola Jokic
75%
90 Russell Westbrook
75%
92 Damian Lillard
63%
93 Paul George
63%
91 Kyrie Irving
50%
No matching quizzes found
Score Distribution
Percent of People with Each Score
Percentile by Number Answered
Your Score History
You have not taken this quiz